Right or wrong flag? #3 - Sudden Death - Statistics

General Stats
  • This quiz has been taken 166 times
  • The average score is 5 of 20
Answers on the Grid
Answers color-coded by a green-red scale on the quiz's grid according to % correct below.
 
Answer Stats
Answer % Correct
33%
33%
31%
31%
28%
25%
25%
25%
25%
22%
22%
22%
22%
22%
19%
19%
17%
17%
17%
14%
No matching quizzes found
Score Distribution
Percent of People with Each Score
Percentile by Number Answered
Your Score History
You have not taken this quiz